The birthday burglar & a very wicked headmistress / (Record no. 4712)

MARC details
000 -LEADER
fixed length control field 01053nam a22002657a 4500
001 - CONTROL NUMBER
control field 4712
003 - CONTROL NUMBER IDENTIFIER
control field FISKH
005 - DATE AND TIME OF LATEST TRANSACTION
control field 20240925090657.0
008 - FIXED-LENGTH DATA ELEMENTS--GENERAL INFORMATION
fixed length control field 240925b cb ||||| |||| 00| 0 eng d
020 ## - INTERNATIONAL STANDARD BOOK NUMBER
International Standard Book Number 9780688124700
040 ## - CATALOGING SOURCE
Original cataloging agency FISKH
Language of cataloging eng
Transcribing agency FISKH
Modifying agency FISKH
050 ## - LIBRARY OF CONGRESS CALL NUMBER
Classification number PZ7.M2773
082 ## - DEWEY DECIMAL CLASSIFICATION NUMBER
Edition number 823
100 ## - MAIN ENTRY--PERSONAL NAME
Personal name Mahy, Margaret
Dates associated with a name (1936–2012)
245 ## - TITLE STATEMENT
Title The birthday burglar & a very wicked headmistress /
Statement of responsibility, etc. Margaret Mahy Illustrated by Margaret Chamberlain
250 ## - EDITION STATEMENT
Edition statement Published in 1993
260 ## - PUBLICATION, DISTRIBUTION, ETC.
Place of publication, distribution, etc. Boston :
Name of publisher, distributor, etc. A Beech Tree Paperback Book,
Date of publication, distribution, etc. 1993.
300 ## - PHYSICAL DESCRIPTION
Extent 136 pages :
Other physical details illustrations ;
Dimensions 20cm
520 ## - SUMMARY, ETC.
Summary, etc. In the first of these two short stories, Bassington, a rich little boy who has never had a birthday, decides to steal one from Mrs. Herringbone and Joanna Joy. In the second story, headmistress Tatiana Taffeta seeks an affluent farmer's hand in marriage.
650 ## - SUBJECT ADDED ENTRY--TOPICAL TERM
Source of heading or term Fiction
Topical term or geographic name entry element Children's literature
650 ## - SUBJECT ADDED ENTRY--TOPICAL TERM
Source of heading or term Owned
Topical term or geographic name entry element Children's
700 ## - ADDED ENTRY--PERSONAL NAME
Personal name Chamberlain, Margaret
Dates associated with a name Illustrator ;
942 ## - ADDED ENTRY ELEMENTS (KOHA)
Source of classification or shelving scheme Dewey Decimal Classification
Koha item type Books
Suppress in OPAC No
Holdings
Withdrawn status Lost status Source of classification or shelving scheme Damaged status Not for loan Collection Home library Current library Shelving location Date acquired Total Checkouts Full call number Barcode Date last seen Copy number Price effective from Koha item type
    Dewey Decimal Classification     Fiction Footprints International School Library Network Toul Kork Campus Footprints International School Library Network Toul Kork Campus TTP Secondary Fiction Bookshelves 09/25/2024   MAH 823 PZ7.M2773 2024-2070 09/25/2024 1 09/25/2024 Books